|
|
|
|
| LEADER |
00000nam0a2200000 4500 |
| 001 |
113155 |
| 005 |
20231031121730.0 |
| 010 |
|
|
|a 5891763737
|
| 035 |
|
|
|a (RuTPU)RU\TPU\book\122389
|
| 090 |
|
|
|a 113155
|
| 100 |
|
|
|a 20070406d2006 k y0rusy50 ca
|
| 101 |
0 |
|
|a rus
|
| 102 |
|
|
|a RU
|
| 105 |
|
|
|a a z 001zy
|
| 200 |
1 |
|
|a Палеоэкология равнинного палеолита (на примере комплекса верхнепалеолитических стоянок Каменная Балка в Северном Приазовье)
|f Н. Б. Леонова [и др.]
|g МГУ
|
| 210 |
|
|
|a Москва
|c Научный мир
|d 2006
|
| 215 |
|
|
|a 342 с.
|c ил.
|
| 320 |
|
|
|a Библиогр.: с. 292-312.
|
| 330 |
|
|
|a Описана специфика комплексных исследований палеоэкологии равнинного палеолита на примере одной из наиболее детально изученных стоянок. С помощью геолого-геоморфологических, педологических и палинологических материалов рассмотрено природное окружение памятника. Археологические материалы культурных слоев характеризуют каменнобалковскую культуру. Даны палеоландшафтные реконструкции поздненеоплейстоценовых этапов развития рельефа района стоянок, а также микрореконструкции времени наиболее активного заселения стоянки Каменная Балка II. Рассмотрены общие черты природопользования в рассматриваемом районе 15-14 тыс. лет назад.
|
| 610 |
1 |
|
|a равнинный палеолит
|
| 610 |
1 |
|
|a палеоэкология
|
| 610 |
1 |
|
|a палеоантропология
|
| 610 |
1 |
|
|a геолого-геоморфологические материалы
|
| 610 |
1 |
|
|a педологические материалы
|
| 610 |
1 |
|
|a палинологические материалы
|
| 610 |
1 |
|
|a абсолютное датирование
|
| 610 |
1 |
|
|a неоплейстоцен
|
| 610 |
1 |
|
|a голоцен
|
| 610 |
1 |
|
|a стратиграфические схемы
|
| 610 |
1 |
|
|a верхнепалеолитические стоянки
|
| 610 |
1 |
|
|a Каменная балка
|
| 610 |
1 |
|
|a каменнобалковская культура
|
| 610 |
1 |
|
|a памятники
|
| 610 |
1 |
|
|a поселения
|
| 610 |
1 |
|
|a культурный слой
|
| 610 |
1 |
|
|a Северное Приазовье
|
| 610 |
1 |
|
|a жизнеобеспечение
|
| 610 |
1 |
|
|a природопользование
|
| 610 |
1 |
|
|a палеографические реконструкции
|
| 610 |
1 |
|
|a палеоландшафтные реконструкции
|
| 675 |
|
|
|a 569.9
|v 3
|
| 675 |
|
|
|a 551.79(47)
|v 3
|
| 701 |
|
1 |
|a Леонова
|b Н. Б.
|
| 701 |
|
1 |
|a Несмеянов
|b С. А.
|
| 701 |
|
1 |
|a Виноградова
|b Е. А.
|
| 701 |
|
1 |
|a Войекова
|b О. А.
|
| 701 |
|
1 |
|a Гвоздовер
|b М. Д.
|
| 712 |
0 |
2 |
|a Московский государственный университет им. М. В. Ломоносова (МГУ)
|2 stltpush
|3 (RuTPU)RU\TPU\col\7
|
| 801 |
|
1 |
|a RU
|b 63413507
|c 20070406
|g PSBO
|
| 801 |
|
2 |
|a RU
|b 63413507
|c 20071012
|g PSBO
|
| 942 |
|
|
|c BK
|